La república o coloquios sobre la justicia /
Guardado en:
| Autor Principal: | |
|---|---|
| Formato: | Libro |
| Publicado: |
Madrid :
Perlado,
1907
|
| Series: | Biblioteca Clásica; No. 44
|
| Materias: | |
| Etiquetas: |
Agregar Etiqueta
Sin Etiquetas, Sea el primero en etiquetar este registro!
|
| LEADER | 00666nam a22002175a 4500 | ||
|---|---|---|---|
| 001 | CEM.cems009941 | ||
| 005 | 20131025161116.0 | ||
| 008 | 130507s1907##################000#0#####d | ||
| 003 | CEMS | ||
| 082 | 0 | 4 | |a 184 |
| 100 | 1 | |a Platón | |
| 245 | 1 | 0 | |a La república o coloquios sobre la justicia / |c Platón ; traducido Por José Tomás y García |
| 260 | |a Madrid : |b Perlado, |c 1907 | ||
| 300 | |a 331 p. | ||
| 490 | 0 | |a Biblioteca Clásica; No. 44 | |
| 653 | |a Mito de la caverna | ||
| 653 | |a Alegoría de la caverna | ||
| 653 | |a Filosofía | ||
| 653 | |a Filosofía clásica | ||
| 653 | |a Filosofía girega | ||
| 859 | |a CEMS |b BIB. CEMS - 11 de abril |h 184 |i P697-3 |p 9360.81 |t Ej.1 |v 2 |3 2 | ||
